Welcome to the Holygrace Academy Library

Please use search bar below to get started

A TEXTBOOK OF RESOURCE MANAGEMENT (Record no. 7923)

MARC details
000 -LEADER
fixed length control field 00442nam a22001457a 4500
020 ## - INTERNATIONAL STANDARD BOOK NUMBER
ISBN 93-91214-98-3
082 ## - DEWEY DECIMAL CLASSIFICATION NUMBER
Classification number 332.0240
Item number GUR/R
100 ## - MAIN ENTRY--AUTHOR NAME
Personal name GURU, PRAVABATI
245 ## - TITLE STATEMENT
Title A TEXTBOOK OF RESOURCE MANAGEMENT
Remainder of title PERSONAL FINANCE AND SOCIO ECONOMIC ENVIRONMENT
250 ## - EDITION STATEMENT
Edition statement FIRST EDITION
260 ## - PUBLICATION, DISTRIBUTION, ETC. (IMPRINT)
Place of publication DELHI
Name of publisher SHIVALIK PRAKASHAN
Year of publication 2022
300 ## - PHYSICAL DESCRIPTION
Number of Pages 283
650 ## - SUBJECT ADDED ENTRY--TOPICAL TERM
Topical Term FAMILY RESOURCE, CONSUMER, SOCIETY, BANKING, ECONOMICS
Geographic subdivision INDIA
942 ## - ADDED ENTRY ELEMENTS (KOHA)
Koha item type Books
Holdings
Withdrawn status Lost status Collection code Home library Current library Shelving location Date acquired Source of acquisition Cost, normal purchase price Full call number Accession Number Koha item type
    Reference Main Library Main Library NEW SHELF WITH NEW ENTRY 12/12/2023 purchase 1295.00 332.0240 GUR/R 13516 Books